The modern medical office : a reference manual / Doris Humphrey and Kathie Sigler. (Record no. 5644)

000 -LEADER
fixed length control field 00665pam a2200181 a 4500
020 ## - INTERNATIONAL STANDARD BOOK NUMBER
ISBN 0538701013
082 00 - DEWEY DECIMAL CLASSIFICATION NUMBER
Classification number 651.961
Item number H9262 1990
100 1# - MAIN ENTRY--AUTHOR NAME
Personal name Humphrey, Doris, author.
245 14 - TITLE STATEMENT
Title The modern medical office : a reference manual / Doris Humphrey and Kathie Sigler.
250 ## - EDITION STATEMENT
Edition statement Second edition.
260 ## - PUBLICATION, DISTRIBUTION, ETC. (IMPRINT)
Place of publication Cincinnati, Ohio :
Name of publisher South-Western Publishing Co.
Year of publication c1990.
300 ## - PHYSICAL DESCRIPTION
Number of Pages x, 316 pages :
Other physical details Illustrations ; 24 cm.
500 ## - GENERAL NOTE
General note Includes bibliographic references and index.
650 #0 - SUBJECT ADDED ENTRY--TOPICAL TERM
Topical Term Medical secretaries—Handbooks, manuals, etc.
650 #0 - SUBJECT ADDED ENTRY--TOPICAL TERM
Topical Term Medical offices—Management—Handbooks, manuals, etc.
700 1# - ADDED ENTRY--PERSONAL NAME
Personal name Sigler, Kathie.
942 ## - ADDED ENTRY ELEMENTS (KOHA)
Koha item type Books
Holdings
Source of acquisition Permanent Location Date acquired Koha item type Collection code Accession Number Lost status Shelving location Withdrawn status Current Location Full call number
SchoolCagayan State University - Carig Library2015-03-13BooksMedicineM000757 Medical Library Cagayan State University - Carig Library651.961 H9262 1990
SchoolCagayan State University - Carig Library2015-03-13BooksMedicineM000758 Medical Library Cagayan State University - Carig Library651.961 H9262 1990

Cagayan State University University Library, Carig Campus
Tuguegarao City, Cagayan 3500 | www.csucarig.edu.ph

Powered by Koha